[Event "Kostroma Volga Cup op"]
[Site "Kostroma"]
[Date "2010.07.??"]
[Round "5"]
[White "Pranizin, Gennady"]
[Black "Smirnov, Nikolaj"]
[Result "1-0"]
[WhiteElo "2180"]
[BlackElo "2119"]
[PlyCount "123"]
[EventDate "2010.07.??"]
[EventType "swiss"]
[EventRounds "9"]
[EventCountry "RUS"]
[SourceTitle "EXT 2011"]
[Source "ChessBase"]
[SourceDate "2010.11.26"]
[SourceVersion "1"]
[SourceVersionDate "2010.11.26"]
[SourceQuality "1"]

1. e4 c6 2. d4 d5 3. exd5 cxd5 4. c4 Nc6 5. Nf3 Nf6 6. Nc3 e6 7. Bg5 Be7 8. Be2 0-0 9. 0-0 b6 10. Ne5 Bb7 11. Nxc6 Bxc6 12. Bf3 Rc8 13. Bxf6 Bxf6 14. cxd5 Bxd5 15. Bxd5 exd5 16. Qd3 Qd7 17. Rac1 Rc4 18. Nxd5 Rxd4 19. Nxf6+ gxf6 20. Qf3 Rd8 21. Qxf6 Qd5 22. h3 Qd6 23. Qg5+ Qg6 24. Qe3 Rd3 25. Qe7 R3d7 26. Qe1 Rd3 27. Rc3 Rxc3 28. Qxc3 Qd3 29. Qc7 Rd7 30. Qb8+ Kg7 31. Re1 Qd6 32. Qe8 Rc7 33. Qe4 a5 34. Qg4+ Kf8 35. Rd1 Qf6 36. Qg3 Rc6 37. Qb8+ Kg7 38. Rd8 Rc2 39. Rg8+ Kh6 40. Qg3 Rc1+ 41. Kh2 Rc4 42. b3 Rd4 43. Qc3 Qd6+ 44. Rg3 f5 45. f4 Qxf4 46. h4 Qd6 47. Qc1+ f4 48. Rf3 Kh5 49. Qc2 Qg6 50. Qe2 Qd6 51. Qe8+ Kh6 52. Qg8 Qf6 53. Qg4 Qg6 54. Qh3 Qf6 55. a4 Rd5 56. Qg4 Rd4 57. Kh3 Qe5 58. Qg8 Qf5+ 59. g4 Qg6 60. Qf8+ Qg7 61. g5+ Kg6 62. h5+ 1-0

[Event "Kostroma Volga Cup op"]
[Site "Kostroma"]
[Date "2010.07.??"]
[Round "1"]
[White "Saulin, Dmitri"]
[Black "Smirnov, Nikolaj"]
[Result "1-0"]
[WhiteElo "2431"]
[BlackElo "2119"]
[PlyCount "73"]
[EventDate "2010.07.??"]
[EventType "swiss"]
[EventRounds "9"]
[EventCountry "RUS"]
[SourceTitle "EXT 2011"]
[Source "ChessBase"]
[SourceDate "2010.11.26"]
[SourceVersion "1"]
[SourceVersionDate "2010.11.26"]
[SourceQuality "1"]

1. e4 c6 2. d3 d5 3. Nd2 g6 4. Ngf3 Bg7 5. d4 Bg4 6. c3 dxe4 7. Nxe4 Nd7 8. Bc4 Ngf6 9. Nxf6+ exf6 10. h3 Bxf3 11. Qxf3 0-0 12. 0-0 Qb6 13. a4 a6 14. a5 Qd8 15. Bf4 Re8 16. Qd1 Nf8 17. Qb3 Qd7 18. d5 cxd5 19. Bxd5 Ne6 20. Be3 Re7 21. Rfd1 Rc8 22. Ra4 Qe8 23. Rb4 Nc5 24. Bxc5 Re1+ 25. Rxe1 Qxe1+ 26. Kh2 Rxc5 27. Re4 Qxf2 28. Qxb7 Rxd5 29. Qxd5 Qxb2 30. Re7 Qb8+ 31. g3 Qb2+ 32. Qg2 Qxc3 33. Qa2 Kh8 34. Re8+ Bf8 35. Rxf8+ Kg7 36. Qxf7+ Kh6 37. Qxf6 1-0